Řízení technologických procesů v zemědělském podniku

Enregistré dans:
Détails bibliographiques
Auteur principal: Špelina, Miroslav
Format: Livre
Langue:tchèque
Publié: Praha Státní zemědělské nakladatelství 1988
Édition:1. vyd.
Collection:Mechanizace, výstavba a meliorace
Tags: Ajouter un tag
Pas de tags, Soyez le premier à ajouter un tag!

MARC

LEADER 00000nam a2200000 4500
001 c033012
005 20250513125443.2
041 0 |a cze 
044 |a CZ 
245 1 0 |a Řízení technologických procesů v zemědělském podniku  |c Miroslav Špelina a kol. 
250 |a 1. vyd. 
264 1 |a Praha  |b Státní zemědělské nakladatelství  |c 1988 
300 |a 379 s. 
490 1 |a Mechanizace, výstavba a meliorace 
830 0 |a Mechanizace, výstavba a meliorace 
100 1 |a Špelina, Miroslav